000 00533nam a2200181 i 4500
001 87161
003 ES-MaACL
005 20230906175617.0
007 t|
008 041220s1967 sp ||||1| spa d
100 1 _aKraemer, Gerd.
_968695
245 1 3 _aLa gloria no tiene piedad /
_cGerd Krèamer ; [versión, Manuel Luis Pardo García].
250 _a[1ª ed.].
260 _aBarcelona :
_bCaralt,
_c[1967]
300 _a446 p. ;
_c20 cm.
700 1 _aPardo García, Manuel Luis.
_989002
852 _aES-MaACL
_jC-33497
_bR.64235
999 _c87161
_d87161